Central Library OPAC University of Rajshahi

আমরা কি যাব না তাদের কাছে যারা শুধু বাংলায় কথা বলে / (Record no. 39445)

MARC details
000 -LEADER
fixed length control field 01122nam a2200241 a 4500
001 - CONTROL NUMBER
control field 39445
003 - CONTROL NUMBER IDENTIFIER
rucl marc code BD-RjUL
005 - DATE AND TIME OF LATEST TRANSACTION
control field 20211209053007.0
008 - FIXED-LENGTH DATA ELEMENTS--GENERAL INFORMATION
fixed length control field 160411m19991996bg ||||| |||| 001 0 ben d
020 ## - INTERNATIONAL STANDARD BOOK NUMBER
International Standard Book Number 9840501607
Terms of availability : Tk.120.00
035 ## - SYSTEM CONTROL NUMBER
System control number (BD-RjUL)39558
040 ## - CATALOGING SOURCE
Original cataloging agency BD-RjUL
Language of cataloging ben
Transcribing agency BD-RjUL
041 ## - LANGUAGE CODE
Language code of text/sound track or separate title ben
082 ## - DEWEY DECIMAL CLASSIFICATION NUMBER
Edition number 23
Classification number 320.014
Author mark and year RAA 1999
100 ## - MAIN ENTRY--PERSONAL NAME
Personal name রহমান, মুহাম্মদ হাবিবুর
9 (RLIN) 121457
245 10 - TITLE STATEMENT
Title আমরা কি যাব না তাদের কাছে যারা শুধু বাংলায় কথা বলে /
Statement of responsibility, etc. মুহাম্মদ হাবিবুর রহমান
260 ## - PUBLICATION, DISTRIBUTION, ETC. (IMPRINT)
Place of publication, distribution, etc. ঢাকা :
Name of publisher, distributor, etc. ইউনিভার্সিটি প্রেস লিমিটেড,
Date of publication, distribution, etc. ১৯৯৬ [মুদ্রণ ১৯৯৯-২০১৪].
300 ## - PHYSICAL DESCRIPTION
Pagination [৭] ১১০ পৃ. ;
Size ২১ সেমি.
500 ## - GENERAL NOTE
General note নির্ঘন্ট সংযুক্ত
650 ## - SUBJECT ADDED ENTRY--TOPICAL TERM
Topical term or geographic name as entry element বাংলা ভাষা আন্দোলন
Form subdivision ইতিহাস
9 (RLIN) 121580
Topical term or geographic name as entry element Bengali language movement
Form subdivision History
9 (RLIN) 121581
942 ## - ADDED ENTRY ELEMENTS (KOHA)
Source of classification or shelving scheme Dewey Decimal Classification
Koha item type Books
Holdings
Lost status Source of classification or shelving scheme Damaged status Not for loan Collection code Permanent Location Current Location Shelving location Date acquired Source of acquisition Cost, normal purchase price Total Checkouts Full call number Date last seen Copy number Koha item type
  Dewey Decimal Classification   Not For Loan Non-fiction Central Library, University of Rajshahi Central Library, University of Rajshahi Reading Room 23/12/2013 Prothoma prokason, Dhaka 120.00   B 320.014 RAA 1999 11/04/2016 C-1 Books
  Dewey Decimal Classification     Non-fiction Central Library, University of Rajshahi Central Library, University of Rajshahi   23/12/2013 Prothoma prokason, Dhaka 120.00   B 320.014 RAA 1999 11/04/2016 C-2 Books
  Dewey Decimal Classification     Non-fiction Central Library, University of Rajshahi Central Library, University of Rajshahi   23/12/2013 Prothoma prokason, Dhaka 120.00   B 320.014 RAA 1999 11/04/2016 C-3 Books
  Dewey Decimal Classification     Non-fiction Central Library, University of Rajshahi Central Library, University of Rajshahi   30/10/2019 Vidyasagar, Rajshahi 200.00   B 320.014 RAA 2014 20/11/2019 C-4 Books
  Dewey Decimal Classification     Non-fiction Central Library, University of Rajshahi Central Library, University of Rajshahi   30/10/2019 Vidyasagar, Rajshahi 200.00   B 320.014 RAA 2014 20/11/2019 C-5 Books
  Dewey Decimal Classification     Non-fiction Central Library, University of Rajshahi Central Library, University of Rajshahi   30/10/2019 Vidyasagar, Rajshahi 200.00   B 320.014 RAA 2014 20/11/2019 C-6 Books